Fotografi
| Main Author: | |
|---|---|
| Format: | Book |
| Published: |
Kuala Lumpur :
Fajar Bakti ,
1993
|
| Series: | Siri hobi Fajar Bakti
|
| Subjects: |
MARC
| LEADER | 00000cam a2200000 7i4500 | ||
|---|---|---|---|
| 001 | 0000000005 | ||
| 005 | 20110126093000.0 | ||
| 008 | 021118s1993 | ||
| 020 | |a 9676519170 | ||
| 090 | 0 | 0 | |a TR146 |b .S8 1993 |
| 100 | 0 | |a Sujana Mohd. Rejab , |e author | |
| 245 | 0 | 0 | |a Fotografi |c Sujana Mohd. Rejab |
| 260 | 2 | |a Kuala Lumpur : |b Fajar Bakti , |c 1993 | |
| 300 | |a xii, 129 ms. ; |c 17 x 19 sm. | ||
| 440 | 0 | |a Siri hobi Fajar Bakti | |
| 650 | 0 | |a Photography | |
| 999 | |a 1000046097 |b Book |c OPEN SHELF (30 DAYS) |e Gong Badak Campus | ||